000 00794nam a2200265Ia 4500
001 Para_4821
003 CHAP
008 220125s1917 xx 000 0 und d
010 _a203262
040 _cCHAP
090 _aPA FOLLETO 2223
100 _aBoerner, E. G.
_913392
245 _aThe conversion of the weights of mechanical separations of corn, wheat, and other grains into percentages /
_c by E. G. Boerner
260 _aWashington :
_b Department of Agriculture
300 _a22 p.
440 _aEUA. Dep. of Agri. Bull.; 574
_9168952
650 _aCereales
_x AnĂ¡lisis
_921382
901 _aPA FOLLETO 2223
902 _aA
905 _a0000001917 WAS 0000000000 00
910 _a1917
942 _cPARA
942 _cPARA
_d1
999 _c203262
_d203262